000 00558nam a2200181Ia 4500
003 GCL
008 140319s9999 xx 000 0 ara d
040 _aGCL /
_cGCL
082 0 4 _a200.1
_bا م
100 1 _aاحمد شلبى
245 1 0 _aالمسيحية الاسلام اديان الهجرةالكبرى /
_cاحمد شلبى
260 _a[S.N] :
_bمكتبة النهضة المصرية ،
_c1993
490 _aمقارنة الاديان
_v0
650 0 4 _aالاسلام
650 0 4 _aالديانات
650 0 4 _aالهند
942 _2ddc
_cBK
999 _c29840
_d29840